Normal view
MARC view
Entry Topical Term
001 - CONTROL NUMBER
- control field: 254098
003 - CONTROL NUMBER IDENTIFIER
- control field: OSt
005 - DATE AND TIME OF LATEST TRANSACTION
- control field: 20260209115255.0
008 - FIXED-LENGTH DATA ELEMENTS
- fixed length control field: 260209|| aca||aabn | a|a d
040 ## - CATALOGING SOURCE
- Original cataloging agency: OSt
- Transcribing agency: OSt
150 ## - HEADING--TOPICAL TERM
- Topical term or geographic name entry element: TuLunADa
670 ## - SOURCE DATA FOUND
- Source citation: Work cat.: (OSt)142875: BANNANJE BABU AMIN ಬಾಬು ಅಮೀನ್ 254096, Tulunada daivagalu: samskratika vishleShane, 2010